| 000 | 00464nam a2200193Ia 4500 | ||
|---|---|---|---|
| 005 | 20250603145124.0 | ||
| 008 | 250603s9999 xx 000 0 und d | ||
| 020 | _a9781397225 | ||
| 050 | _aHD 6971 .N685 F248/ | ||
| 100 | _aFashoyin, Tayo | ||
| 245 | 0 | _aIndustrial relations in Nigeria : development and practice | |
| 250 | _a2nd ed. | ||
| 260 | _aLondon | ||
| 260 | _bLongman | ||
| 260 | _c1991 | ||
| 300 | _a255 p | ||
| 650 | _aLondon | ||
| 942 | _cBK | ||
| 999 |
_c40940 _d40940 |
||